Villes hôtes des Jeux Olympiques (difficile) - Statistiques

Statistiques générales
  • Ce quiz a été pris 72 fois
  • Le résultat moyen est 37 sur 57
Statistiques - réponses
Hint Réponse % Correct
2020 Tokyo
91%
2012 Londres
87%
2028 Los Angeles
87%
2024 Paris
87%
1936 (été) Berlin
85%
2008 Pekin
83%
2016 Rio de Janeiro
83%
1896 Athènes
79%
1996 Atlanta
79%
1984 (été) Los Angeles
79%
2000 Sydney
79%
1992 (été) Barcelone
77%
2032 Brisbane
77%
1968 (été) Mexico
77%
1924 (été) Paris
77%
1904 Saint Louis
77%
1988 (été) Seoul
77%
2014 Sotchi
77%
2004 Athenes
72%
1900 Paris
72%
1960 (été) Rome
72%
1920 Anvers
70%
1976 (été) Montreal
70%
1980 (été) Moscou
70%
2022 Pekin
70%
1952 (été) Helsinki
68%
2010 Vancouver
68%
1992 (hiver) Albertville
66%
1948 (été) Londres
66%
1972 (été) Munich
66%
1964 (été) Tokyo
66%
1956 (été) Melbourne
64%
1968 (hiver) Grenoble
62%
1908 Londres
62%
2026 Milan-Cortina d'Ampezzo
62%
1912 Stockholm
62%
2006 Turin
62%
2002 Salt Lake City
60%
1924 (hiver) Chamonix
57%
1994 Lillehammer
57%
1928 (été) Amsterdam
55%
2018 PyeongChang
55%
1984 (hiver) Sarajevo
55%
1998 Nagano
53%
1988 (hiver) Calgary
51%
1936 (hiver) Garmisch-Partenkirchen
51%
1932 (été) Los Angeles
51%
1928 (hiver) Saint Moritz
51%
1980 (hiver) Lake Placid
47%
1964 (hiver) Innsbruck
45%
1972 (hiver) Sapporo
45%
1960 (hiver) Squaw Valley
43%
1952 (hiver) Oslo
40%
1976 (hiver) Innsbruck
38%
1956 (hiver) Cortina d'Ampezzo
36%
1932 (hiver) Lake Placid
36%
1948 (hiver) Saint Moritz
36%
Aucun quiz correspondant
Distribution des résultats
% des personnes avec chaque résultat
Percentile par nombre de réponses
Votre historique - résultats
Vous n’avez pas pris ce quiz